00555nam a2200145Ia 4500008004100000100003600041245008600077245003600163260005900199650001800258650001500276856002600291999001900317952007300336170221s9999 xx 000 0 und d aMark Leccese Meredith M. Regan. aAngry Words: A Content Analysis of Emotion in Political Blogs and Op-Ed Columns  cMark Leccese Meredith M. Regan. bOnline Journal of Communication and Media Technologies xCommunication xMedia Arts uhttp://www.ojcmt.net/ c312671d312671 001040aCLbCLd2017-02-21l0r2017-02-21 00:00:00w2017-02-21yFOJ